| 000 | 00681nam a22002177a 4500 | ||
|---|---|---|---|
| 003 | OSt | ||
| 005 | 20251214140311.0 | ||
| 008 | 251214b |||||||| |||| 00| 0 eng d | ||
| 020 | _a9789556631241 | ||
| 040 | _cDCL | ||
| 041 | _aEnglish | ||
| 082 | _a294.39109591 | ||
| 100 | 1 | _aSpiro, Melford E. (Melford Elliott) | |
| 245 | 1 | 0 |
_aBuddhism and society : a great tradition and its Burmese vicissitudes / _cMelford E. Spiro. |
| 250 | _aSecond edition. | ||
| 260 |
_aLondon : _bUniversity of California Press, _c1982. |
||
| 300 |
_axxiv, 510 pages ; _c23 cm. |
||
| 650 |
_aBuddhism _zMyanmar |
||
| 650 |
_aBuddhist Sociology _zMyanmar |
||
| 942 |
_2ddc _cSHORT TERM _n0 |
||
| 999 |
_c2698 _d2698 |
||